1684 1267 1386 1558 1006 1370 1594 1737 1271 1504 1381 1657 1027 1223 1777 1768 1799 1859 1705 1169 1996 1298 1709 1224 1335 1730 1401 1971 1118 1652 1197 1356 1455 1182 1631 1872 1892 1215 1204 1581 1167 1256 1698 1998 1421 1712 1069 1614 1283 1685 1148 1540 1727 1641 1193 1471 1533 1930 1955 1047 1576 1994 1828 1171 1404 1024 1413 1592 1319 1070 1454 1874 1268 1217 1730 1598 1022 1952 1198 1961 1979 1153 1549 1531 1978 1382 1142 1418 1058 1634 1899 1093 1823 1772 1167 1623 1718 1537 1522 BCNSPRNW ULIB Ver.6.0+V

เปลี่ยนเป็นภาษาไทย

Change to English
 แสดงรายละเอียดบรรณานุกรม
  กลับหน้าหลัก

Brief Record : Get Marc (ISO 2709) : E-mail record : QR code < ปิดหน้าต่าง
LEADER : 00000nam 2200000uu 4500
001    13399110649
003     ULIB
008    110607s2549||||th 000 0 tha d
020    9742943206
060 04 QS4^bค64ก 2549
100 0  คณาจารย์เครือข่ายการศึกษาพยาบาลและการสาธารณสุขภาคใต้ (SC-Net)
245 00 กายวิภาคศาสตร์ /^cคณาจารย์เครือข่ายการศึกษาพยาบาลและการสาธารณสุขภาคใต้ (SC-Net)
250    พิมพ์ครั้งที่ 3
260    นนทบุรี :^bโครงการสวัสดิการวิชาการ สถาบันพระบรมราชชนก,^c2549
300    443 หน้า :^bภาพประกอบ ;^c27 ซม.
650  7 กายวิภาคศาสตร์
700 0  คณาจารย์เครือข่ายการศึกษาพยาบาลและการสาธารณสุขภาคใต้ (SC-Net)
710 2  สถาบันพระบรมราชชนก. ^bโครงการสวัสดิการวิชาการ
945    ^p250^l0^i14509
945    ^p250^l0^i14510
945    ^p250^l0^i14507
945    ^p250^l0^i14506
945    ^p250^l0^i16050
995 กั กัณชพร
999    ^aใช้งานได้ทุกระบบ
รายการนี้ยังไม่มีแท็ก
คุณยังไม่ได้ล็อกอิน คุณสามารถมีกิจกรรมร่วมกับเว็บไซต์ได้ แต่ต้องล็อกอินก่อน ::
  ล็อกอิน

รายการสื่อสารสนเทศ

ลำดับที่ ประเภท เลขเรียก/บาร์โค้ด สถานที่ สถานะ
1. วิทยาศาสตร์การแพทย์ และสุขภาพ
วิทยาศาสตร์การแพทย์ และสุขภาพ
QS4 ค64ก 2549 ฉ.3 
  Barcode: 14507
ห้องสมุดวิทยาเขตสวรรค์ประชารักษ์
►ส่วนจัดเก็บหนังสือเก่า สปร
บนชั้น
  ขอยืม

รายการใกล้เคียง
    ผู้แต่ง [คณาจารย์เครือข่ายการศึกษาพยาบาลและการสาธารณสุขภาคใต้ (SC-Net)]

    หัวเรื่อง [กายวิภาคศาสตร์]

BibComment


ยังไม่เคยถูกคอมเมนท์

คอมเมนท์ทรัพยากรรายการนี้
  คอมเมนท์: กายวิภาคศาสตร์ ค..


 Copyright 2026. Bcnsprnw @Library